[Event "Tula Suetin Memorial op"]
[Site "Tula"]
[Date "2002.03.29"]
[Round "7"]
[White "Bratchenko, Alexander"]
[Black "Turov, Maxim"]
[Result "1/2-1/2"]
[WhiteElo "2382"]
[BlackElo "2563"]
[PlyCount "61"]
[EventDate "2002.03.23"]
[EventType "swiss"]
[EventRounds "9"]
[EventCountry "RUS"]
[SourceTitle "CBM 087 Extra"]
[Source "ChessBase"]
[SourceDate "2002.05.03"]
[SourceVersion "2"]
[SourceVersionDate "2002.08.09"]
[SourceQuality "1"]

1. d4 Nf6 2. c4 g6 3. g3 Bg7 4. Bg2 d5 5. cxd5 Nxd5 6. e4 Nb4 7. a3 N4c6 8. d5 Nd4 9. Nc3 0-0 10. h3 c5 11. Nge2 e5 12. 0-0 a5 13. Rb1 a4 14. Nxd4 exd4 15. Nxa4 c4 16. f4 Nd7 17. b3 b5 18. Nb2 Qb6 19. Kh2 Nc5 20. a4 c3 21. b4 Na6 22. Nd3 bxa4 23. b5 Bd7 24. Ba3 Bxb5 25. e5 Rfc8 26. Rf2 Rab8 27. d6 Qa5 28. h4 Bd7 29. Bb7 Rxb7 30. Rxb7 Bc6 31. Ra7 1/2-1/2

[Event "Tula Suetin Memorial op"]
[Site "Tula"]
[Date "2002.03.27"]
[Round "5"]
[White "Bratchenko, Alexander"]
[Black "Zakharevich, Igor"]
[Result "0-1"]
[WhiteElo "2382"]
[BlackElo "2466"]
[PlyCount "134"]
[EventDate "2002.03.23"]
[EventType "swiss"]
[EventRounds "9"]
[EventCountry "RUS"]
[SourceTitle "CBM 087 Extra"]
[Source "ChessBase"]
[SourceDate "2002.05.03"]
[SourceVersion "2"]
[SourceVersionDate "2002.08.09"]
[SourceQuality "1"]

1. d4 Nf6 2. c4 g6 3. g3 Bg7 4. Bg2 0-0 5. Nc3 d6 6. Nf3 Nc6 7. 0-0 a6 8. b3 Rb8 9. a4 Na5 10. e4 c5 11. h3 cxd4 12. Nxd4 Nd7 13. Be3 Nc6 14. Rb1 Nc5 15. b4 Nd7 16. Nce2 a5 17. Nxc6 bxc6 18. b5 c5 19. Qb3 Nb6 20. Rbc1 Bb7 21. Rfd1 Qc7 22. Nf4 e5 23. Ne2 Bc8 24. f4 Be6 25. Qd3 Nxa4 26. Qxd6 Qc8 27. f5 gxf5 28. exf5 Bxf5 29. g4 Be6 30. Ng3 Nb2 31. Rd5 Bxd5 32. Bxd5 Qd8 33. Qxd8 Rfxd8 34. Nf5 Bf8 35. Ra1 Rxd5 36. cxd5 Nc4 37. Bg5 Rxb5 38. Bf6 Nd6 39. Bxe5 Nxf5 40. gxf5 c4 41. Rd1 f6 42. Bxf6 Bd6 43. Kf2 Kf7 44. Bc3 Bb4 45. Bh8 c3 46. Ke3 Rc5 47. Rc1 Rxd5 48. Bxc3 Rc5 49. Bb2 Rxf5 50. Rc7+ Kg6 51. Ke4 Rf7 52. Rxf7 Kxf7 53. Kf5 Ke7 54. Ke5 Kd7 55. Kd5 Bd6 56. Bc3 a4 57. Bf6 a3 58. Bg7 h5 59. Bf6 Bb4 60. Bd4 Ke7 61. Be3 Kf7 62. Bc1 a2 63. Bb2 Ba3 64. Ba1 Be7 65. Kc4 Bf6 66. Kb3 Bxa1 67. Kxa2 Kf6 0-1

[Event "Tula Suetin Memorial op"]
[Site "Tula"]
[Date "2002.03.26"]
[Round "4"]
[White "Kuporosov, Viktor"]
[Black "Bratchenko, Alexander"]
[Result "1/2-1/2"]
[WhiteElo "2473"]
[BlackElo "2382"]
[PlyCount "38"]
[EventDate "2002.03.23"]
[EventType "swiss"]
[EventRounds "9"]
[EventCountry "RUS"]
[SourceTitle "CBM 087 Extra"]
[Source "ChessBase"]
[SourceDate "2002.05.03"]
[SourceVersion "2"]
[SourceVersionDate "2002.08.09"]
[SourceQuality "1"]

1. e4 Nf6 2. e5 Nd5 3. d4 d6 4. Nf3 g6 5. Bc4 c6 6. h3 dxe5 7. dxe5 Bg7 8. 0-0 0-0 9. Qe2 Nb6 10. Bb3 Na6 11. Nc3 Nc5 12. Be3 Nxb3 13. axb3 Qc7 14. Bf4 Be6 15. Nd4 Bd5 16. Bg3 Qc8 17. Rad1 Rd8 18. f4 c5 19. Nf3 Qc6 1/2-1/2

[Event "Tula Suetin Memorial op"]
[Site "Tula"]
[Date "2002.03.24"]
[Round "2"]
[White "Petukhov, Dmitry"]
[Black "Bratchenko, Alexander"]
[Result "0-1"]
[WhiteElo "2212"]
[BlackElo "2382"]
[PlyCount "88"]
[EventDate "2002.03.23"]
[EventType "swiss"]
[EventRounds "9"]
[EventCountry "RUS"]
[SourceTitle "CBM 087 Extra"]
[Source "ChessBase"]
[SourceDate "2002.05.03"]
[SourceVersion "2"]
[SourceVersionDate "2002.08.09"]
[SourceQuality "1"]

1. e4 Nf6 2. Nc3 d5 3. e5 Ne4 4. d4 Nxc3 5. bxc3 c5 6. c4 cxd4 7. Qxd4 Nc6 8. Qxd5 Bf5 9. Nf3 e6 10. Qxd8+ Rxd8 11. c3 Bc5 12. Bg5 Rd7 13. Be2 h6 14. Bf4 0-0 15. 0-0 g5 16. Bg3 Rfd8 17. h3 Kg7 18. Kh1 Ba3 19. h4 Kg6 20. Nh2 Bb2 21. Rad1 Bxc3 22. f4 gxf4 23. Bxf4 Rxd1 24. Bxd1 Bxe5 25. Bc1 h5 26. Bf3 Bd3 27. Rg1 Nd4 28. Bxb7 Ne2 29. Nf3 Bc7 30. Rd1 Rb8 31. Ne1 Bxc4 32. Bf3 Ng3+ 33. Kg1 Nf5 34. Rd7 Bg3 35. Nc2 Rb1 36. Rd1 Bxa2 37. Ne3 Bxh4 38. Be4 Rb4 39. Bd3 Bg5 40. Nxf5 exf5 41. Ba3 Be3+ 42. Kh2 Ra4 43. Bb2 Kg5 44. g3 Be6 0-1

[Event "Tula Suetin Memorial op"]
[Site "Tula"]
[Date "2002.??.??"]
[Round "9"]
[White "Bagirov, Rufat"]
[Black "Bratchenko, Alexander"]
[Result "1/2-1/2"]
[WhiteElo "2471"]
[BlackElo "2382"]
[PlyCount "97"]
[EventDate "2002.03.23"]
[EventType "swiss"]
[EventRounds "9"]
[EventCountry "RUS"]
[SourceTitle "CBM 087 Extra"]
[Source "ChessBase"]
[SourceDate "2002.05.03"]
[SourceVersion "2"]
[SourceVersionDate "2002.08.09"]
[SourceQuality "1"]

1. d4 d5 2. c4 c6 3. Nf3 Nf6 4. Nc3 a6 5. c5 g6 6. h3 Bg7 7. Bf4 0-0 8. e3 Nbd7 9. Be2 b5 10. b4 a5 11. a3 Ne4 12. Qc1 f6 13. 0-0 e5 14. Bh2 Ng5 15. Qc2 Kh8 16. Nxg5 fxg5 17. Rad1 exd4 18. exd4 Nf6 19. Be5 Ra7 20. f4 Bf5 21. Bd3 g4 22. Bxf5 gxf5 23. hxg4 Nxg4 24. Rf3 axb4 25. axb4 Qe8 26. Qb2 Qg6 27. Ra1 Rxa1+ 28. Qxa1 Bxe5 29. dxe5 Qh6 30. Ne2 Qh2+ 31. Kf1 Qh1+ 32. Ng1 Nh2+ 33. Kf2 Nxf3 34. Kxf3 Qh5+ 35. Ke3 Qg6 36. Qb2 Kg8 37. Nf3 Ra8 38. Kf2 Qh6 39. Kg3 Qh5 40. Kf2 Qh6 41. Kg3 Ra7 42. Qd2 Qh5 43. Kf2 Ra3 44. Qe2 Kf8 45. Kg1 Qg4 46. e6 Rxf3 47. Qe5 Qg6 48. Qd6+ Kg7 49. Qe7+ 1/2-1/2

[Event "RUS-ch sf"]
[Site "Sosnovy Bor"]
[Date "2002.??.??"]
[Round "3"]
[White "Bratchenko, Alexander"]
[Black "Anjuhin, Alex"]
[Result "1/2-1/2"]
[WhiteElo "2382"]
[BlackElo "2401"]
[PlyCount "191"]
[EventDate "2002.??.??"]
[EventType "swiss"]
[EventRounds "7"]
[EventCountry "RUS"]
[SourceTitle "EXT 2004"]
[Source "ChessBase"]
[SourceDate "2003.11.25"]
[SourceVersion "1"]
[SourceVersionDate "2003.11.25"]
[SourceQuality "1"]

1. d4 Nf6 2. c4 g6 3. g3 Bg7 4. Bg2 0-0 5. Nc3 d6 6. Nf3 Nc6 7. 0-0 a6 8. b3 Rb8 9. a4 e5 10. d5 Nd4 11. Bb2 c5 12. Nd2 Bh6 13. e3 Bg4 14. Qc1 Ne2+ 15. Nxe2 Bxe2 16. Re1 Bg4 17. f4 Qe7 18. h3 Bd7 19. Nf3 e4 20. Nd2 Bg7 21. a5 h5 22. Bc3 Bf5 23. Qb2 Ne8 24. Bxg7 Nxg7 25. b4 b5 26. bxc5 dxc5 27. Qe5 Rfe8 28. Qxe7 Rxe7 29. g4 hxg4 30. hxg4 Bxg4 31. Nxe4 Ne8 32. Nxc5 bxc4 33. Nxa6 Rb5 34. Ra4 Ra7 35. Nb4 Rbxa5 36. Rxa5 Rxa5 37. e4 c3 38. Rc1 Ra4 39. Nd3 Ra3 40. Kf2 Kf8 41. Ke3 f6 42. e5 g5 43. fxg5 fxe5 44. Be4 Nd6 45. Nxe5 c2+ 46. Bd3 Bd1 47. Kd4 Ra4+ 48. Kc5 Ne4+ 49. Kc6 Nxg5 50. Bxc2 Bxc2 51. Rxc2 Ne4 52. Nd7+ Ke7 53. Nb6 Rd4 54. Kc7 Kf6 55. Rc6+ Ke5 56. Re6+ Kf5 57. Re8 Nc3 58. Kd6 Nxd5 59. Nxd5 Re4 60. Rf8+ Kg5 61. Rf1 Re2 62. Nf4 Re3 63. Kd5 Kg4 64. Ng6 Kg5 65. Ne5 Re2 66. Kd4 Ra2 67. Nc6 Re2 68. Kd5 Kg4 69. Ne5+ Kg5 70. Ke6 Ra2 71. Rf5+ Kh4 72. Rf3 Kg5 73. Rf5+ Kh4 74. Rf8 Kg5 75. Nf3+ Kg4 76. Ke5 Re2+ 77. Kd4 Ra2 78. Ke3 Rb2 79. Rf4+ Kh5 80. Rf6 Kg4 81. Rf8 Ra2 82. Nd4 Kg5 83. Ke4 Ra1 84. Rf2 Ra5 85. Nc6 Ra4+ 86. Ke5 Kg4 87. Rf1 Ra2 88. Ke4 Kg5 89. Ke5 Re2+ 90. Kd5 Ra2 91. Nd4 Ra5+ 92. Ke4 Ra2 93. Rf5+ Kg4 94. Rd5 Ra1 95. Nc2 Ra4+ 96. Ke3 1/2-1/2

[Event "Cherepovets"]
[Site "Cherepovets"]
[Date "2002.??.??"]
[Round "?"]
[White "Popov, Valerij"]
[Black "Bratchenko, Alexander"]
[Result "1-0"]
[WhiteElo "2579"]
[BlackElo "2384"]
[PlyCount "73"]
[EventDate "2002.02.??"]
[EventType "tourn"]
[EventRounds "14"]
[EventCountry "RUS"]
[EventCategory "6"]
[SourceTitle "EXT 2003"]
[Source "ChessBase"]
[SourceDate "2002.11.25"]
[SourceVersion "1"]
[SourceVersionDate "2002.11.25"]
[SourceQuality "1"]

1. d4 Nf6 2. c4 c5 3. d5 e6 4. Nc3 exd5 5. cxd5 d6 6. e4 g6 7. h3 Bg7 8. Bd3 0-0 9. Nge2 Na6 10. 0-0 Nc7 11. a4 b6 12. Bg5 Ba6 13. f4 Re8 14. Bxa6 Nxa6 15. Qd3 Nb4 16. Qf3 Qd7 17. f5 Re5 18. Bxf6 Bxf6 19. fxg6 Bg7 20. gxh7+ Kh8 21. Qxf7 Re7 22. Qh5 Nd3 23. Rf3 Ne5 24. Rf5 Rf8 25. Raf1 Rxf5 26. Rxf5 Rf7 27. Nf4 Rxf5 28. exf5 Qf7 29. Nb5 Qxh5 30. Nxh5 Bf8 31. Nxa7 Nc4 32. b3 Ne3 33. Nf6 Bg7 34. Ne4 Bd4 35. Nb5 Nxf5+ 36. Nxd4 cxd4 37. b4 1-0

[Event "Chigorin Memorial 09th"]
[Site "St Petersburg"]
[Date "2001.10.26"]
[Round "1"]
[White "Timchenko, Aleksandr"]
[Black "Bratchenko, Alexander"]
[Result "0-1"]
[WhiteElo "2102"]
[BlackElo "2384"]
[PlyCount "72"]
[EventDate "2001.10.26"]
[EventType "swiss"]
[EventRounds "9"]
[EventCountry "RUS"]
[SourceTitle "EXT 2002"]
[Source "ChessBase"]
[SourceDate "2001.11.25"]
[SourceVersion "1"]
[SourceVersionDate "2001.11.25"]
[SourceQuality "1"]

1. Nf3 Nf6 2. d4 g6 3. c4 Bg7 4. Nc3 c5 5. g3 0-0 6. Bg2 d6 7. 0-0 Nc6 8. h3 Bf5 9. dxc5 dxc5 10. Be3 Qc8 11. Kh2 Ne4 12. Nxe4 Bxe4 13. Qc1 Nd4 14. Bxd4 cxd4 15. Qf4 Bxf3 16. Bxf3 Qxc4 17. Rfc1 Qb5 18. a4 Qb4 19. Rc7 Rab8 20. Rac1 Bf6 21. R1c5 b6 22. Rd5 Qxb2 23. h4 Rbd8 24. Rcd7 Rxd7 25. Rxd7 Qa1 26. Bc6 Qe1 27. Qf3 a5 28. h5 Kg7 29. Kg2 Rc8 30. h6+ Kxh6 31. Bd5 Rc1 32. Kh3 Qf1+ 33. Kg4 Kg7 34. Bxf7 h5+ 35. Kf4 Qh3 36. g4 Qh2+ 0-1

[Event "St Petersburg White Nights op"]
[Site "St Petersburg"]
[Date "2001.06.16"]
[Round "8"]
[White "Bratchenko, Alexander"]
[Black "Sudakova, Irina"]
[Result "1/2-1/2"]
[WhiteElo "2383"]
[BlackElo "2256"]
[PlyCount "106"]
[EventDate "2001.06.09"]
[EventType "swiss"]
[EventRounds "9"]
[EventCountry "RUS"]
[SourceTitle "CBM 082 Extra"]
[Source "ChessBase"]
[SourceDate "2001.07.03"]
[SourceVersion "1"]
[SourceVersionDate "2001.07.03"]
[SourceQuality "1"]

1. d4 Nf6 2. Nf3 g6 3. c4 Bg7 4. g3 0-0 5. Bg2 d6 6. 0-0 Nbd7 7. Nc3 e5 8. e4 exd4 9. Nxd4 Re8 10. h3 a6 11. Re1 Rb8 12. a4 a5 13. Ndb5 b6 14. Bg5 h6 15. Bf4 Bb7 16. Qc2 Nc5 17. Rad1 Nfd7 18. Be3 Ne5 19. b3 Nc6 20. Nd5 Rc8 21. f3 Ne7 22. h4 Nxd5 23. exd5 Ra8 24. Nd4 Re7 25. Bf2 Rxe1+ 26. Rxe1 Qd7 27. Kh2 Re8 28. Rxe8+ Qxe8 29. h5 Bc8 30. hxg6 fxg6 31. Bh3 Bxh3 32. Kxh3 Kh7 33. Nb5 Qe7 34. Bxc5 dxc5 35. Kg2 Qe1 36. Qd3 Be5 37. f4 Bd6 38. Nc3 Qe8 39. Ne4 Be7 40. Nf2 Bf6 41. Qe4 Qxe4+ 42. Nxe4 Be7 43. g4 Kg7 44. Kf3 Kf7 45. f5 Bd6 46. fxg6+ Kxg6 47. Nf2 h5 48. Ne4 hxg4+ 49. Kxg4 Be5 50. Ng5 Bd6 51. Nh3 Kf6 52. Kf3 Kf5 53. Nf2 Be5 1/2-1/2

[Event "St Petersburg White Nights op"]
[Site "St Petersburg"]
[Date "2001.06.11"]
[Round "3"]
[White "Pisakov, Ilia"]
[Black "Bratchenko, Alexander"]
[Result "0-1"]
[WhiteElo "2280"]
[BlackElo "2383"]
[PlyCount "82"]
[EventDate "2001.06.09"]
[EventType "swiss"]
[EventRounds "9"]
[EventCountry "RUS"]
[SourceTitle "CBM 082 Extra"]
[Source "ChessBase"]
[SourceDate "2001.07.03"]
[SourceVersion "1"]
[SourceVersionDate "2001.07.03"]
[SourceQuality "1"]

1. d4 Nf6 2. Nf3 c5 3. e3 g6 4. c4 Bg7 5. Nc3 0-0 6. Be2 d6 7. 0-0 Nc6 8. a3 e5 9. d5 Ne7 10. e4 Ne8 11. Ne1 f5 12. exf5 Nxf5 13. Ne4 h6 14. b4 b6 15. bxc5 bxc5 16. Rb1 Nd4 17. Bd3 Bf5 18. g4 Bd7 19. h3 Rf7 20. f3 Bf8 21. Ng3 Qf6 22. Be4 h5 23. Qd3 h4 24. Nh1 g5 25. Rf2 Be7 26. Rfb2 Rf8 27. Nf2 Kh8 28. Qe3 Bc8 29. Kg2 Ba6 30. Bd3 Qf4 31. Qe4 Qf7 32. Qe3 Nc7 33. Ne4 Rg8 34. Rb7 Bxb7 35. Rxb7 Rac8 36. Nxc5 dxc5 37. Qxe5+ Bf6 38. Qd6 Qe7 39. Bf4 gxf4 40. Qxf4 Bg5 41. d6 Qxe1 0-1

[Event "Chigorin Memorial 08th"]
[Site "St Petersburg"]
[Date "2000.11.05"]
[Round "5"]
[White "Bratchenko, Alexander"]
[Black "Turova, Irina"]
[Result "0-1"]
[WhiteElo "2411"]
[BlackElo "2242"]
[PlyCount "126"]
[EventDate "2000.10.31"]
[EventType "swiss"]
[EventRounds "9"]
[EventCountry "RUS"]
[SourceTitle "EXT 2001"]
[Source "ChessBase"]
[SourceDate "2000.11.22"]
[SourceVersion "1"]
[SourceVersionDate "2000.11.22"]
[SourceQuality "1"]

1. d4 Nf6 2. c4 g6 3. Nc3 Bg7 4. e4 d6 5. f3 0-0 6. Be3 c6 7. Bd3 a6 8. a4 a5 9. Nge2 Na6 10. Rc1 e5 11. d5 Kh8 12. 0-0 Nd7 13. g4 Ndc5 14. Bc2 Nb4 15. Bb1 Bf6 16. Ng3 cxd5 17. cxd5 Bg5 18. Qd2 Nb3 19. Bxg5 Nxd2 20. Bxd8 Rxd8 21. Rf2 Nb3 22. Rd1 Nc5 23. g5 Kg7 24. f4 Bg4 25. Nge2 exf4 26. Rxf4 Bxe2 27. Nxe2 Nxa4 28. b3 Nc5 29. Nd4 a4 30. bxa4 Rxa4 31. Rdf1 Rd7 32. Nb5 Nbd3 33. Rf6 Rxe4 34. Bxd3 Rg4+ 35. Kh1 Nxd3 36. Rxd6 Rxd6 37. Nxd6 Rxg5 38. Rxf7+ Kg8 39. Rf3 Rxd5 40. Nxb7 g5 41. h3 Kg7 42. Na5 Ne5 43. Ra3 Rd2 44. Rc3 Rd1+ 45. Kh2 Kf6 46. Nc4 Nxc4 47. Rxc4 Rd2+ 48. Kg3 h5 49. Rc6+ Ke5 50. Rc5+ Rd5 51. Rc8 Rd3+ 52. Kg2 Rd2+ 53. Kf3 h4 54. Rc5+ Kf6 55. Kg4 Rg2+ 56. Kh5 Rg3 57. Ra5 Rxh3 58. Rxg5 Rg3 59. Rg4 Kf5 60. Ra4 h3 61. Ra1 h2 62. Rf1+ Ke4 63. Rh1 Rg8 0-1

[Event "Chigorin Memorial 08th"]
[Site "St Petersburg"]
[Date "2000.11.02"]
[Round "3"]
[White "Bratchenko, Alexander"]
[Black "Popov, Valerij"]
[Result "0-1"]
[WhiteElo "2411"]
[BlackElo "2557"]
[PlyCount "62"]
[EventDate "2000.10.31"]
[EventType "swiss"]
[EventRounds "9"]
[EventCountry "RUS"]
[SourceTitle "EXT 2001"]
[Source "ChessBase"]
[SourceDate "2000.11.22"]
[SourceVersion "1"]
[SourceVersionDate "2000.11.22"]
[SourceQuality "1"]

1. d4 d5 2. c4 c6 3. Nf3 Nf6 4. Nc3 dxc4 5. a4 Bf5 6. e3 e6 7. Bxc4 Bb4 8. 0-0 Nbd7 9. Nh4 Bg6 10. g3 0-0 11. Nxg6 hxg6 12. Qe2 Qa5 13. Na2 Qxa4 14. e4 Qa5 15. g4 e5 16. f4 exd4 17. g5 Nh5 18. e5 b5 19. Nxb4 Qxa1 20. Bd3 Nc5 21. Nxc6 Nxd3 22. Qxd3 Rae8 23. Qxd4 Qa6 24. Qc5 Kh7 25. Nxa7 b4 26. Bd2 Ra8 27. Be3 Qe2 28. Rf2 Qg4+ 29. Rg2 Qd1+ 30. Kf2 Rxa7 31. Qxa7 Rc8 0-1

[Event "Petrov Memorial op"]
[Site "St Petersburg"]
[Date "2000.02.13"]
[Round "6"]
[White "Paramonov, Dimitriy"]
[Black "Bratchenko, Alexander"]
[Result "0-1"]
[WhiteElo "2279"]
[BlackElo "2400"]
[PlyCount "90"]
[EventDate "2000.02.05"]
[EventType "swiss"]
[EventRounds "9"]
[EventCountry "RUS"]
[SourceTitle "CBM 076"]
[Source "ChessBase"]
[SourceDate "2000.05.31"]
[SourceVersion "1"]
[SourceVersionDate "2000.05.31"]
[SourceQuality "1"]

1. e4 Nf6 2. e5 Nd5 3. d4 d6 4. c4 Nb6 5. f4 dxe5 6. fxe5 Nc6 7. Be3 Bf5 8. Nc3 e6 9. Nf3 Be7 10. d5 Nb4 11. Nd4 Bg6 12. a3 c5 13. Nxe6 fxe6 14. axb4 cxb4 15. Na4 0-0 16. Nxb6 axb6 17. Rxa8 Qxa8 18. Be2 Qa2 19. Rf1 Qxb2 20. Rxf8+ Kxf8 21. d6 Bd8 22. Bd4 Qa2 23. Qa1 b3 24. Qb2 Qxb2 25. Bxb2 Be4 26. Bf3 Bxf3 27. gxf3 Kf7 28. Kd2 Kg6 29. Kc3 Kf5 30. Kxb3 Kf4 31. Kb4 Kxf3 32. c5 Ke4 33. Kb5 Kd5 34. cxb6 g5 35. Bc1 h5 36. Bd2 g4 37. Be1 h4 38. Bf2 Kxe5 39. Kc5 Ke4 40. d7 Kf3 41. Bd4 g3 42. hxg3 h3 43. Be5 h2 44. Bc7 h1Q 45. Bxd8 Qd1 0-1